000 00280nam a22001097a 4500
082 _a823
_bREA/S
245 _aREADER'S DIGEST SELECT EDITIONS:THE DA VINCI CODE DAN BROWN
260 _aAUSTRALIA
_bREADER'S DIGEST
300 _a538
650 _aNOVEL -ENGLISH
_zAUSTRALIA
942 _cBK
999 _c3303
_d3303